Sports Quiz

Random Sports Quiz
Score 0/14 Timer 10:00
0 Plays Today
Hint Answer % Correct
Boca Juniors [argentina]Tevez
100%
İstanbul Başakşehir [togo]Adebayor
100%
LA Galaxy [2017/18] [england]Cole
100%
Shanghai SIPG [brazil]Oscar
83.3%
Shanghai Shenhua [senegal]ba
66.7%
manchester city [england]Sterling
50%
manchester united [argentina]romero
50%
Hint Answer % Correct
Shanghai SIPG [brazil]Hulk
50%
Jiangsu Sainty [brazil]alex teixeira
33.3%
Dalian Aerbin [belgium]carrasco
33.3%
PSG [france]diarra
33.3%
manchester city coach [england]wright
16.7%
Kayserispor [ghana]gyan
16.7%
chelsea [argentina] caballero
0%
Remove Ads.
Support Sporcle.
Get the best of Sporcle when you Go Orange. This ad-free experience offers more features, more stats, and more fun while also helping to support Sporcle. Thank you for becoming a member.

You're not logged in!

Compare scores with friends on all Sporcle quizzes.
OR
Log In

Show Comments

Extras

Created Dec 14, 2018ReportNominate
Tags:Money

Top Quizzes Today


Score Distribution

Your Account Isn't Verified!

In order to create a playlist on Sporcle, you need to verify the email address you used during registration. Go to your Sporcle Settings to finish the process.

Report this User

Report this user for behavior that violates our Community Guidelines.

Details: